书目信息 |
| 题名: |
什么是最好的教育
|
|
| 作者: | 罗宾逊 , 阿罗尼卡 著 ;钱志龙 译 | |
| 分册: | ||
| 出版信息: | 杭州 浙江人民出版社 2020 |
|
| 页数: | 256页 | |
| 开本: | 23cm | |
| 丛书名: | ||
| 单 册: | ||
| 中图分类: | G40-03 , G40 | |
| 科图分类: | ||
| 主题词: | 教育研究 | |
| 电子资源: | ||
| ISBN: | 978-7-213-08943-5 | |
| 000 | 01464nam0 2200301 450 | |
| 001 | 2071661733 | |
| 005 | 20201201195445.47 | |
| 010 | @a978-7-213-08943-5@dCNY79.90 | |
| 100 | @a20200511d2020 em y0chiy50 ea | |
| 101 | 1 | @achi@ceng |
| 102 | @aCN@b330000 | |
| 105 | @ay z 000yy | |
| 200 | 1 | @a什么是最好的教育@9shen me shi zui hao de jiao yu@b专著@dYou, your child, and school@f(英)肯·罗宾逊(Ken Robinson),(英)卢·阿罗尼卡(Lou Aronica)著@g钱志龙译@zeng |
| 210 | @a杭州@c浙江人民出版社@d2020 | |
| 215 | @a256页@d23cm | |
| 300 | @a肯·罗宾逊教育创新五部曲 | |
| 305 | @a由Ken Robinson, Ph.D.and Lou Aronica clo Global Lion Intellectual Property Mgt, Inc,授权出版 | |
| 312 | @a书名原文:You, your child, and school: navigate your way to the best education | |
| 330 | @a本书从多个不同视角为父母提供咨询,如选择合适的学校、理解孩子的压力、让孩子的天赋自由,为孩子的成长提供更多的可能。全书跳出了从孩子立场来谈论的单一维度,基于整个教育生态(家庭、学校、社会)及其变化,阐述了学习、教育和学校的异同,再结合父母责任和儿童天性,回答了对你的孩子而言,什么是最好的教育。 | |
| 510 | 1 | @aYou, your child, and school@enavigate your way to the best education@zeng |
| 606 | 0 | @a教育研究 |
| 690 | @aG40-03@v5 | |
| 690 | @aG40@v4 | |
| 701 | 0 | @c(英)@a罗宾逊@9luo bin xun@c(Robinson, Ken)@4著 |
| 701 | 0 | @c(英)@a阿罗尼卡@9a luo ni ka@c(Aronica, Lou)@4著 |
| 702 | 0 | @a钱志龙@9qian zhi long@4译 |
| 801 | 2 | @aCN@b58marc.cn@c20200606 |
| 905 | @aZUCC@dG40@e84 | |
| 什么是最好的教育=You, your child, and school/(英)肯·罗宾逊(Ken Robinson),(英)卢·阿罗尼卡(Lou Aronica)著/钱志龙译.-杭州:浙江人民出版社,2020 |
| 256页;23cm |
| 肯·罗宾逊教育创新五部曲 |
| ISBN 978-7-213-08943-5:CNY79.90 |
| 本书从多个不同视角为父母提供咨询,如选择合适的学校、理解孩子的压力、让孩子的天赋自由,为孩子的成长提供更多的可能。全书跳出了从孩子立场来谈论的单一维度,基于整个教育生态(家庭、学校、社会)及其变化,阐述了学习、教育和学校的异同,再结合父母责任和儿童天性,回答了对你的孩子而言,什么是最好的教育。 |
| ● |
| 相关链接 |
|
|
|
正题名:什么是最好的教育
索取号:G40/84
 
预约/预借
| 序号 | 登录号 | 条形码 | 馆藏地/架位号 | 状态 | 备注 |
| 1 | 2000874305 | 2000874305 | 第二书库/ [索取号:G40/84] | 在馆 | |
| 2 | 2000874306 | 2000874306 | 第二书库/ [索取号:G40/84] | 在馆 | |
| 3 | 2000874307 | 2000874307 | 第二书库/ [索取号:G40/84] | 在馆 |